<?xml version="1.0" encoding="UTF-8"?><OAI-PMH xmlns="http://www.openarchives.org/OAI/2.0/" xmlns:xsi="http://www.w3.org/2001/XMLSchema-instance"     xsi:schemaLocation="http://www.openarchives.org/OAI/2.0/ http://www.openarchives.org/OAI/2.0/OAI-PMH.xsd"><responseDate>2026-05-16T11:27:23Z</responseDate><request verb="GetRecord" identifier="oai:regmurcia.com:fintegr.784" metadataPrefix="marc21">http://oai.regmurcia.com/oai2/oai2.php</request><GetRecord><record><header><identifier>oai:regmurcia.com:fintegr.784</identifier><datestamp>2026-05-16</datestamp><setSpec>documentos</setSpec></header><metadata><record  xmlns="http://www.loc.gov/MARC21/slim" xmlns:xsi="http://www.w3.org/2001/XMLSchema-instance" xsi:schemaLocation="http://www.loc.gov/MARC21/slim http://www.loc.gov/standards/marcxml/schema/MARC21slim.xsd" type="Bibliographic"><leader>00000nam a2200000   4500</leader><controlfield tag="001" >005073716</controlfield><controlfield tag="003" >784</controlfield><controlfield tag="004" >A00000000</controlfield><datafield tag="245" ind1=" " ind2=" "><subfield code="a">Testimonio del concejo de Murcia sobre el pago de 20.000 maravedís a Andrés Montergull por unas casas que le derribaron.</subfield></datafield><datafield tag="300" ind1=" " ind2=" "><subfield code="c">215 x 150 mm.</subfield></datafield><datafield tag="300" ind1=" " ind2=" "><subfield code="a">4 fol.</subfield></datafield><datafield tag="351" ind1=" " ind2=" "><subfield code="a">Unidad Documental</subfield><subfield code="c">Archivo de Murcia. Array</subfield><subfield code="a">Unidad Documental</subfield><subfield code="c">Archivo de Murcia. Array</subfield></datafield><datafield tag="351" ind1=" " ind2=" "><subfield code="b">Nº 61</subfield></datafield><datafield tag="506" ind1=" " ind2=" "><subfield code="a">Acceso restringido</subfield></datafield><datafield tag="510" ind1=" " ind2=" "><subfield code="a">Pub. (en parte) ABELLÁN PÉREZ, JUAN. Documentos de Juan II. Murcia: Academia Alfonso X el Sabio, 1984, pp. 663-664</subfield></datafield><datafield tag="520" ind1=" " ind2=" "><subfield code="a">El documento incluye:&lt;/br&gt;- Testimonio por Andrés Montergull, vecino de Murcia, de una carta de Juan II al concejo de Murcia (1452-6-10. Murcia). Fol. 1r-v.&lt;/br&gt;- Provisión de Juan II  al concejo de Murcia (1452-5-20. Toledo),  por la cual se concede licencia para tomar de los propios del concejo los 20.000 maravedís que hay que pagar a Andrés Montergull como compensación de las casas que se le derribaron en 1444. En la provisión se incluye la petición al respecto del concejo de Murcia (1452-5-29. Murcia). Fol. 1v-3v.&lt;/br&gt;- Obtenido el permiso del rey, el concejo acuerda obedecer lo ordenado por el rey y procede tomar dicha cantidad de dinero de los propios para pagar a Andrés Montergull las casas que se le derribaron (1452-6-17. Murcia). Fol. 3v-4v.</subfield></datafield><datafield tag="583" ind1=" " ind2=" "><subfield code="u">http://www.regmurcia.com/servlet/s.Sl?METHOD=VERDOCUMENTO&amp;sit=serv,Carmesi&amp;n=/01/1243/indice.djvu</subfield></datafield><datafield tag="592" ind1=" " ind2=" "><subfield code="a">1452-06-10/1452-06-17</subfield></datafield><datafield tag="592" ind1=" " ind2=" "><subfield code="d">1452-06-17 00:00:00</subfield></datafield><datafield tag="651" ind1=" " ind2=" "><subfield code="a">Murcia</subfield></datafield><datafield tag="786" ind1=" " ind2=" "><subfield code="o">http://www.regmurcia.com/servlet/s.Sl?METHOD=VERDOCUMENTO&amp;sit=serv,Carmesi&amp;n=/01/1243/indice.djvu</subfield></datafield><datafield tag="856" ind1=" " ind2=" "><subfield code="u">http://www.regmurcia.com/servlet/s.Sl?METHOD=DETALLE&amp;sit=c,373,m,139,serv,Carmesi&amp;id=784</subfield></datafield></record></metadata></record></GetRecord></OAI-PMH>
